| 000 | 01250nam a2200313 a 4500 | ||
|---|---|---|---|
| 001 | ebr10591199 | ||
| 003 | CaPaEBR | ||
| 006 | m u | ||
| 007 | cr cn||||||||| | ||
| 008 | 120831s1995 gw s 000 0 lat d | ||
| 020 | _z3519017776 | ||
| 020 | _z9783598717772 | ||
| 020 | _z9783110975390 (e-book) | ||
| 040 |
_aCaPaEBR _cCaPaEBR |
||
| 035 | _a(OCoLC)811400881 | ||
| 050 | 1 | 4 |
_aML169 _b.J36 1995eb |
| 100 | 1 | _aJan, Carl. | |
| 245 | 1 | 0 |
_aMusici scriptores Graeci _h[electronic resource] : _bSupplementum melodiarum reliquiae / _crecognovit prooemiis et indice instruxit Carl Jan. |
| 250 | _aEditio stereotypa editionis primae [1899]. | ||
| 260 |
_aStuttgart : _bTeubner, _c1995. |
||
| 300 | _a61 p. | ||
| 440 | 0 | _aBibliotheca scriptorum Graecorum et Romanorum Teubneriana | |
| 533 |
_aElectronic reproduction. _bPalo Alto, Calif. : _cebrary, _d2011. _nAvailable via World Wide Web. _nAccess may be limited to ebrary affiliated libraries. |
||
| 650 | 0 | _aMusic, Greek and Roman. | |
| 650 | 0 |
_aMusic theory _xHistory _yTo 500. |
|
| 655 | 7 |
_aElectronic books. _2local |
|
| 710 | 2 | _aebrary, Inc. | |
| 856 | 4 | 0 |
_uhttp://site.ebrary.com/lib/rucke/Doc?id=10591199 _zAn electronic book accessible through the World Wide Web; click to view |
| 999 |
_c105882 _d105882 |
||